[Event "Birjand to mark the week Sport N2 1395"]
[Site "Birjand"]
[Date "2016.10.24"]
[Round "7.5"]
[White "Gholami, Ali"]
[Black "Yazdan Shenas, Unes"]
[Result "1/2-1/2"]
[WhiteElo "1577"]
[BlackElo "1128"]
[PlyCount "69"]
[EventDate "2016.10.24"]
[EventType "tourn"]
[EventRounds "9"]
[EventCountry "IRI"]
[SourceTitle "EXT 2024"]
[Source "ChessBase"]
[SourceDate "2023.10.10"]
[SourceVersion "1"]
[SourceVersionDate "2023.10.10"]
[SourceQuality "1"]

1. d4 Nf6 2. c4 g6 3. Nc3 Bg7 4. e4 d6 5. Nf3 0-0 6. Be2 c6 7. 0-0 Nbd7 8. e5 Ne8 9. e6 fxe6 10. Ng5 Ndf6 11. Bg4 Nxg4 12. Qxg4 h5 13. Qh4 e5 14. dxe5 Bxe5 15. Nce4 d5 16. cxd5 cxd5 17. Nc5 Nc7 18. Re1 Bg7 19. Nge6 Nxe6 20. Nxe6 Bxe6 21. Rxe6 Rf6 22. Re1 Qd6 23. Bg5 Re6 24. Bxe7 Rxe1+ 25. Rxe1 Re8 26. Re3 Qd7 27. Bc5 Rxe3 28. Bxe3 Bxb2 29. Bxa7 d4 30. Qe4 Kh7 31. Qb1 d3 32. Qd1 Qc6 33. Qxd3 Qc1+ 34. Qf1 Qxf1+ 35. Kxf1 1/2-1/2

[Event "Birjand to mark the week Sport N2 1395"]
[Site "Birjand"]
[Date "2016.10.24"]
[Round "3.3"]
[White "Khosravi, Ali Reza"]
[Black "Yazdan Shenas, Unes"]
[Result "1-0"]
[WhiteElo "1380"]
[BlackElo "1128"]
[PlyCount "35"]
[EventDate "2016.10.24"]
[EventType "tourn"]
[EventRounds "9"]
[EventCountry "IRI"]
[SourceTitle "EXT 2024"]
[Source "ChessBase"]
[SourceDate "2023.10.10"]
[SourceVersion "1"]
[SourceVersionDate "2023.10.10"]
[SourceQuality "1"]

1. d4 Nf6 2. c4 g6 3. Nc3 Bg7 4. e4 d6 5. Nf3 0-0 6. Be2 e5 7. d5 Bg4 8. Bg5 Nbd7 9. b4 a6 10. Qd2 Bh8 11. h3 Bxf3 12. Bxf3 Qc8 13. h4 h5 14. Qe2 Nh7 15. g4 Ndf6 16. gxh5 gxh5 17. Bxh5 Nxh5 18. Qxh5 1-0